La formación y el trabajo del agente indígena de salud en el Subsistema de Salud Indígena en Brasil /
Reflexiona sobre la figura del agente indígena de salud en Brasil y sobre el papel que éste ejerce en el modelo de atención diferenciada o intercultural. La investigación revisó la bibliografía de investigaciones existentes en el área del trabajo y la formación de los agentes indígenas de salud. Lo...
Bewaard in:
| Hoofdauteur: | |
|---|---|
| Andere auteurs: | |
| Formaat: | Texto |
| Taal: | Spanish |
| Onderwerpen: | |
| Tags: |
Voeg label toe
Geen labels, Wees de eerste die dit record labelt!
|
MARC
| LEADER | 00000 a a2200000 04500 | ||
|---|---|---|---|
| 001 | 48896 | ||
| 003 | cru CIDCACS/IIS | ||
| 005 | 20170829163438.0 | ||
| 008 | 170829b xxu||||| |||| 00| 0 spa d | ||
| 999 | |c 28322 |d 28322 | ||
| 040 | |c cru CIDCACS/IIS | ||
| 100 | |a Morúa-Pontes, Ana Lucía de | ||
| 245 | |a La formación y el trabajo del agente indígena de salud en el Subsistema de Salud Indígena en Brasil / |c Ana Lucía de Morúa-Pontes; Luiza Garnelo | ||
| 520 | |a Reflexiona sobre la figura del agente indígena de salud en Brasil y sobre el papel que éste ejerce en el modelo de atención diferenciada o intercultural. La investigación revisó la bibliografía de investigaciones existentes en el área del trabajo y la formación de los agentes indígenas de salud. Los resultados muestran que existe una subordinación del agente al modelo médico hegemónico; que estos carecen de procesos formativos iniciales, los cursos ocurren con irregularidad y los contenidos se enfocan en la biomedicina; y que existen conflictos con el equipo y con la comunidad indígena. Se concluye con la discusión sobre necesidad de que la atención diferenciada parta de la relación entre el sector salud y la autoatención. | ||
| 650 | 1 | 0 | |9 2207 |a SISTEMA DE SALUD |
| 650 | 1 | 0 | |9 4026 |a PERSONAL MÉDICO |
| 650 | 1 | 0 | |9 5397 |a ATENCION MEDICA |
| 650 | 1 | 0 | |9 1412 |a MEDICINA TRADICIONAL |
| 650 | 1 | 0 | |9 5398 |a BIOMEDICINA |
| 650 | 0 | |9 4725 |a INDIGENAS | |
| 700 | |a Garnelo, Luiza | ||
| 773 | |g volumen56, número4, (2014), páginas 386-392 | ||
| 942 | |2 ddc |c PP | ||
